000 00213nam a22000977a 4500
003 OSt
008 210121b ||||| |||| 00| 0 eng d
100 _aTendulkar, D.G
_94900
245 _aMahatma, vol 1
942 _cBK
999 _c16750
_d16750